000 01114nam a2200157 4500
999 _c1619
_d1619
020 _a0072475986
050 _aHF 5635
_b.M36
100 _aMarshal H. David
110 _aWayne W. Mcmanus, Daniel F. Viele
245 _aAccounting: what the numbers mean
250 _aFifth edition
260 _aNew York
_bMcGraw Hill/ Irwin
_c2002
300 _av, 410 pages
505 _aAccounting present and past Financial Statements and Accounting Concepts Fundamental Interpretations made from financial statement data The bookkeeping process and transaction analysis Accounting for and presentation of current assets Accounting for and presentation of non current assets Accounting for and presentation of liabilities Accounting for and presentation of owners' equity The income statement and the statement of cash flow Explanatory notes and other financial statement information Financial statement Analysis Managerial Accounting and cost volume profit relationship Cost Accounting and reporting systems Cost Analysis for planning Cost Analysis for control Cost Analysis for Decision making
942 _cBK